000 02162mam a22003014a 4500
001 3370186
003 ARRUPE
005 20160303121812.0
008 020311s2002 miua b 001 0aeng
010 _a 2002024433
020 _a0802839592 (alk. paper)
035 _a(OCoLC)ocm49326994
040 _aDLC
_cDLC
_dNNC
_dOrLoB-B
041 1 _aeng
_hdut
042 _apcc
043 _ae-ne---
050 0 0 _aDS135.N6
_bH54613 2002
082 0 0 _a940.563/18/092
_aB
_221
245 1 0 _aEtty :
_ba diary 1941-43
_cintroduced by J.G. Gaarlandt ; translated by Arnold J. Pomerans.
260 _aLondon. :
_bTriad Panther.,
_c2002.
300 _a287p. :
_c18 cm.
520 1 _a"This body of work reveals the interior life of a brilliant young Jewish woman. Born in January 1914, Etty Hillesum began her diary in 1941, nine months after Hitler invaded her home country of the Netherlands. The record she kept for the next two years contains arresting personal reflections and chronicles her social, intellectual, and - most significantly - spiritual growth.
520 8 _aIn addition to her ongoing search for God and truth, one of the most noted and instructive features of Etty's development was her recognition of, and her struggle to overcome, the disorder within her own being. It was her success in finally transcending her own sense of captivity within that allowed her to rise above cruel and fearsome circumstances without.".
520 8 _a"Indeed, in the midst of the horrors of the Nazi Holocaust, Etty's writings reveal a woman who celebrated life and remained an undaunted example of courage, sympathy, and compassion. Letters that she wrote to friends during her internment at the Westerbork transit camp poignantly describe the day-to-day horrors that the Jewish prisoners faced. Nonetheless, Etty's courage and determination remained strong, allowing her to rise above the hate around her and express her irrepressible faith in humanity.
520 8 _aAs she wrote in her last letter, thrown from the train that took her to her death at Auschwitz, "We left the camp singing.""--BOOK JACKET.
900 _bTOC
942 _2lcc
_cMONOGRAPH
999 _c124303
_d124303